[Event "Aut_chT1112"]
[Site "Jenbach"]
[Date "2012.04.22"]
[Round "11"]
[Board "2"]
[White "Zelbel, Patrick"]
[Black "Rozentalis, Eduardas"]
[Result "1/2-1/2"]
[WhiteElo "2379"]
[BlackElo "2601"]
[PlyCount "84"]
[EventDate "2012.01.20"]
[EventType "team"]
[EventRounds "11"]
[EventCountry "AUT"]
[WhiteTeam "SpGem. Kufstein Woergl"]
[BlackTeam "SK Hohenems"]

1. e4 e6 2. d4 d5 3. Nd2 c5 4. exd5 exd5 5. Ngf3 c4 6. b3 cxb3 7. Bb5+ Bd7 8.
Qe2+ Be7 9. Bxd7+ Qxd7 10. axb3 Nf6 11. Ne5 Qc7 12. Qb5+ Nc6 13. Nxc6 bxc6 14.
Qd3 O-O 15. O-O Rfc8 16. Bb2 a5 17. Rfc1 Bd6 18. Nf3 Ne4 19. c4 Qb7 20. Ba3 Bb4
21. Bb2 Rcb8 22. Ba3 h6 23. h3 Re8 24. cxd5 cxd5 25. Ne5 Rac8 26. Bb2 Qb6 27.
Qf3 Qe6 28. Rxc8 Rxc8 29. Rc1 Rxc1+ 30. Bxc1 Bd6 31. Nd3 Qc8 32. Qd1 Qc7 33.
Be3 Qc3 34. g3 h5 35. Kg2 g6 36. Kf3 Qc7 37. Nc5 Qe7 38. Nxe4 Qxe4+ 39. Ke2 Kg7
40. Qd3 Qg2 41. g4 hxg4 42. hxg4 f5 1/2-1/2

[Event "Aut_chT1112"]
[Site "Jenbach"]
[Date "2012.04.22"]
[Round "11"]
[Board "3"]
[White "Atlas, Valery"]
[Black "Koepke, Christian"]
[Result "1/2-1/2"]
[WhiteElo "2413"]
[BlackElo "2398"]
[PlyCount "36"]
[EventDate "2012.01.20"]
[EventType "team"]
[EventRounds "11"]
[EventCountry "AUT"]
[WhiteTeam "SK Hohenems"]
[BlackTeam "SpGem. Kufstein Woergl"]

1. e4 e6 2. d4 d5 3. Nc3 Bb4 4. e5 Ne7 5. a3 Bxc3+ 6. bxc3 c5 7. Qg4 cxd4 8.
cxd4 Qc7 9. Ra2 Nf5 10. Nf3 Nc6 11. Bb2 Qa5+ 12. c3 b6 13. Nd2 Ba6 14. Bxa6
Qxa6 15. Qe2 Qxe2+ 16. Kxe2 Kd7 17. a4 Na5 18. Kd3 Rac8 1/2-1/2

[Event "Aut_chT1112"]
[Site "Jenbach"]
[Date "2012.04.22"]
[Round "11"]
[Board "4"]
[White "Berchtenbreiter, Maximilian"]
[Black "Froewis, Georg"]
[Result "1/2-1/2"]
[WhiteElo "2330"]
[BlackElo "2407"]
[PlyCount "104"]
[EventDate "2012.01.20"]
[EventType "team"]
[EventRounds "11"]
[EventCountry "AUT"]
[WhiteTeam "SpGem. Kufstein Woergl"]
[BlackTeam "SK Hohenems"]

1. e4 e6 2. Qe2 c5 3. g3 Nc6 4. Nf3 g6 5. c3 Bg7 6. d3 Nge7 7. Na3 O-O 8. Nc2
b5 9. Be3 b4 10. Bxc5 bxc3 11. b4 d6 12. Be3 Rb8 13. Rb1 d5 14. e5 d4 15. Nfxd4
Qd5 16. Rg1 Qxa2 17. Ra1 Qb2 18. Nxc6 Nxc6 19. Bc1 Nd4 20. Bxb2 cxb2 21. Rb1
Nxe2 22. Kxe2 Bxe5 23. d4 Bf6 24. Rxb2 e5 25. d5 Bg4+ 26. Kd2 Rfd8 27. Ne3 Bf3
28. Bc4 Bg5 29. h4 Bxd5 30. hxg5 Bxc4+ 31. Kc2 Bd3+ 32. Kb3 Rd6 33. Ra1 Rd4 34.
Kc3 a6 35. Rd2 Rc8+ 36. Kb3 Kg7 37. Rad1 e4 38. Ra1 Rb8 39. Ra4 a5 40. Rxa5
Rdxb4+ 41. Kc3 R4b7 42. Kd4 h6 43. gxh6+ Kxh6 44. g4 Rd8+ 45. Nd5 Kg7 46. g5
Rb4+ 47. Ke3 Rb3 48. Rc5 Bc4+ 49. Kxe4 Bxd5+ 50. Rcxd5 Rb4+ 51. Kf3 Rb3+ 52.
Kg4 Rb4+ 1/2-1/2

[Event "Aut_chT1112"]
[Site "Jenbach"]
[Date "2012.04.22"]
[Round "11"]
[Board "6"]
[White "Maurer, Jochen"]
[Black "Baldauf, Marco"]
[Result "1-0"]
[WhiteElo "2276"]
[BlackElo "2374"]
[PlyCount "81"]
[EventDate "2012.01.20"]
[EventType "team"]
[EventRounds "11"]
[EventCountry "AUT"]
[WhiteTeam "SpGem. Kufstein Woergl"]
[BlackTeam "SK Hohenems"]

1. e4 e5 2. Nf3 Nc6 3. Bb5 Nf6 4. Qe2 a6 5. Ba4 b5 6. Bb3 Bc5 7. d3 h6 8. c3
O-O 9. Nbd2 d5 10. O-O Re8 11. h3 Be6 12. Rd1 Qd7 13. Nf1 Bf8 14. Ng3 Qe7 15.
Nd2 a5 16. Qf3 dxe4 17. Ndxe4 Nxe4 18. dxe4 g6 19. Bd5 Ra6 20. Be3 Nb8 21. a4
b4 22. Qe2 bxc3 23. bxc3 Bxd5 24. Rxd5 c6 25. Rdd1 Ra8 26. Qc4 Na6 27. Qxc6
Rec8 28. Qb5 Nc5 29. Rab1 Ne6 30. Qxe5 Bg7 31. Qb5 Rxc3 32. Rd7 Qf6 33. Qd5
Rcc8 34. Rbb7 Rd8 35. Bb6 Rxd7 36. Qxd7 h5 37. e5 Qxe5 38. Qxf7+ Kh7 39. Re7
Qa1+ 40. Kh2 Ng5 41. Qd5 1-0

[Event "Aut_chT1112"]
[Site "Jenbach"]
[Date "2012.04.22"]
[Round "11"]
[Board "1"]
[White "Antoniewski, Rafal"]
[Black "Balogh, Csaba"]
[Result "1/2-1/2"]
[WhiteElo "2559"]
[BlackElo "2664"]
[PlyCount "52"]
[EventDate "2012.01.20"]
[EventType "team"]
[EventRounds "11"]
[EventCountry "AUT"]
[WhiteTeam "ASVOE Wulkaprodersdorf"]
[BlackTeam "SK Advisory Invest Baden"]

1. e4 e5 2. Nf3 Nc6 3. Bb5 Nf6 4. d3 Bc5 5. Bxc6 dxc6 6. h3 Nd7 7. O-O O-O 8.
Nbd2 Re8 9. Nc4 f6 10. Be3 Bf8 11. Qd2 Nc5 12. Qc3 Ne6 13. b4 b6 14. a4 c5 15.
bxc5 Bxc5 16. Bxc5 Nxc5 17. a5 Be6 18. Ne3 Qd7 19. Qa3 Rad8 20. axb6 axb6 21.
Kh2 Nb7 22. Rfb1 Na5 23. Qb2 Ra8 24. Ra3 Nc6 25. Rxa8 Rxa8 26. Ra1 Rd8 1/2-1/2

[Event "Aut_chT1112"]
[Site "Jenbach"]
[Date "2012.04.22"]
[Round "11"]
[Board "2"]
[White "Socko, Bartosz"]
[Black "Kraemer, Martin"]
[Result "1-0"]
[WhiteElo "2647"]
[BlackElo "2492"]
[PlyCount "157"]
[EventDate "2012.01.20"]
[EventType "team"]
[EventRounds "11"]
[EventCountry "AUT"]
[WhiteTeam "SK Advisory Invest Baden"]
[BlackTeam "ASVOE Wulkaprodersdorf"]

1. d4 d5 2. c4 e6 3. Nc3 Be7 4. Nf3 Nf6 5. Bf4 O-O 6. e3 Nbd7 7. a3 c5 8. cxd5
Nxd5 9. Nxd5 exd5 10. dxc5 Nxc5 11. Be2 Bf6 12. Be5 Bxe5 13. Nxe5 Be6 14. Nf3
Qb6 15. Qd4 Rfc8 16. Rd1 Rc6 17. b4 Ne4 18. Bd3 Qxd4 19. Nxd4 Rc3 20. Bxe4 dxe4
21. Nxe6 fxe6 22. O-O Rxa3 23. Rd7 b6 24. h3 Rd3 25. Rb7 Rdd8 26. Ra1 a5 27.
Rxb6 axb4 28. Rxa8 Rxa8 29. Rxb4 Kf7 30. Rxe4 h5 31. Kh2 Ra5 32. Kg3 Kf6 33.
Rf4+ Ke7 34. Rb4 Rg5+ 35. Kf3 Kf6 36. g3 Ra5 37. Rf4+ Ke7 38. Kg2 Ra2 39. Rb4
Kf6 40. Rb5 g6 41. Kf3 Rc2 42. Rb1 Ra2 43. Rc1 Ke5 44. h4 Rb2 45. Ra1 Kf6 46.
Ra6 Ke5 47. Ra1 Rb4 48. Ra2 Kf5 49. Kg2 Rb3 50. Ra8 Kf6 51. Rf8+ Ke7 52. Rf4
Rb8 53. Kh3 Rb1 54. Kg2 Rb5 55. Kf3 Rb1 56. Rc4 Rb2 57. Rc8 Kf6 58. Rc1 Ke5 59.
Re1 Ra2 60. Re2 Ra4 61. Rc2 Kf5 62. Kg2 Ra3 63. Re2 Ke4 64. f3+ Kf5 65. Kf2 Rb3
66. Rc2 Kf6 67. g4 hxg4 68. fxg4 Rb1 69. Kf3 Rh1 70. Kg3 Rg1+ 71. Rg2 Re1 72.
Kf4 e5+ 73. Kf3 Rh1 74. g5+ Ke6 75. Rg4 Kf5 76. Ra4 Ke6 77. Ra6+ Kf7 78. Ke4
Rxh4+ 79. Kxe5 1-0

[Event "Aut_chT1112"]
[Site "Jenbach"]
[Date "2012.04.22"]
[Round "11"]
[Board "5"]
[White "Thiede, Lars"]
[Black "Siebrecht, Sebastian"]
[Result "0-1"]
[WhiteElo "2458"]
[BlackElo "2463"]
[PlyCount "53"]
[EventDate "2012.01.20"]
[EventType "team"]
[EventRounds "11"]
[EventCountry "AUT"]
[WhiteTeam "ASVOE Wulkaprodersdorf"]
[BlackTeam "SK Advisory Invest Baden"]

1. g3 c5 2. c4 Nc6 3. Bg2 g6 4. Nc3 Bg7 5. Nf3 e6 6. d3 Nge7 7. Bg5 h6 8. Bd2
b6 9. O-O Bb7 10. a3 d6 11. Rb1 Qd7 12. b4 O-O 13. Qc1 Kh7 14. b5 Ne5 15. Nxe5
dxe5 16. Bxb7 Qxb7 17. a4 Nf5 18. a5 Nd4 19. Qd1 Rfd8 20. Ra1 Nf5 21. Ra4 Rd7
22. Qc2 Nd4 23. Qa2 Rad8 24. axb6 axb6 25. Ra6 e4 26. Be3 exd3 27. Bxd4 0-1

[Event "Aut_chT1112"]
[Site "Jenbach"]
[Date "2012.04.22"]
[Round "11"]
[Board "6"]
[White "Schneider, Veronika"]
[Black "Abel, Dennes"]
[Result "0-1"]
[WhiteElo "2312"]
[BlackElo "2427"]
[PlyCount "40"]
[EventDate "2012.01.20"]
[EventType "team"]
[EventRounds "11"]
[EventCountry "AUT"]
[WhiteTeam "SK Advisory Invest Baden"]
[BlackTeam "ASVOE Wulkaprodersdorf"]

1. e4 c6 2. c4 d5 3. cxd5 cxd5 4. exd5 Nf6 5. Nf3 Nxd5 6. Bc4 Nb6 7. Bb3 Nc6 8.
d4 Na5 9. Bc2 g6 10. Ne5 Bg7 11. Ba4+ Nxa4 12. Qxa4+ Nc6 13. Nxc6 bxc6 14. Be3
Qb6 15. Nc3 O-O 16. O-O-O Qb7 17. Qa5 Bf5 18. Rd2 c5 19. d5 Rac8 20. f3 Qb4 0-1

[Event "Aut_chT1112"]
[Site "Jenbach"]
[Date "2012.04.22"]
[Round "11"]
[Board "2"]
[White "Gyimesi, Zoltan"]
[Black "Buhmann, Rainer"]
[Result "1/2-1/2"]
[WhiteElo "2652"]
[BlackElo "2614"]
[PlyCount "106"]
[EventDate "2012.01.20"]
[EventType "team"]
[EventRounds "11"]
[EventCountry "AUT"]
[WhiteTeam "SK Sparkasse Jenbach"]
[BlackTeam "SK MPOE Maria Saal"]

1. d4 d5 2. c4 c6 3. Nf3 Nf6 4. Nc3 e6 5. Bg5 dxc4 6. a4 a6 7. e4 b5 8. axb5
cxb5 9. Nxb5 axb5 10. Rxa8 Bb7 11. Ra1 h6 12. Bd2 Nxe4 13. Be2 Nc6 14. O-O Be7
15. Be3 O-O 16. b3 Nc3 17. Qc2 Nxe2+ 18. Qxe2 Na5 19. bxc4 Nxc4 20. Ne5 Qd5 21.
Qf3 Qxf3 22. Nxf3 Bxf3 23. gxf3 Rd8 24. Rfb1 Na3 25. Rb3 b4 26. Rc1 Nb5 27. Kg2
Nc3 28. Rcxc3 bxc3 29. Rxc3 Bf6 30. Rc4 Kh7 31. f4 Rd5 32. Rc5 Rd7 33. f5 Bxd4
34. Bxd4 Rxd4 35. fxe6 fxe6 36. Re5 Rd6 37. Kg3 Kg6 38. h4 Kf6 39. Ra5 Rd3+ 40.
f3 e5 41. Ra6+ Kf5 42. Ra5 h5 43. Rb5 Ra3 44. Rc5 Ke6 45. Kg2 g6 46. Rb5 Rd3
47. Ra5 Kf6 48. Rb5 Rd7 49. Kg3 Rg7 50. f4 e4 51. Rb6+ Kf5 52. Rb5+ Kf6 53.
Rb6+ Kf5 1/2-1/2

[Event "Aut_chT1112"]
[Site "Jenbach"]
[Date "2012.04.22"]
[Round "11"]
[Board "3"]
[White "Pavasovic, Dusko"]
[Black "Schlosser, Philipp"]
[Result "1/2-1/2"]
[WhiteElo "2557"]
[BlackElo "2593"]
[PlyCount "33"]
[EventDate "2012.01.20"]
[EventType "team"]
[EventRounds "11"]
[EventCountry "AUT"]
[WhiteTeam "SK MPOE Maria Saal"]
[BlackTeam "SK Sparkasse Jenbach"]

1. e4 c5 2. c3 d5 3. exd5 Qxd5 4. d4 Nf6 5. Nf3 e6 6. Be3 cxd4 7. cxd4 Nc6 8.
Nc3 Qd6 9. a3 g6 10. Bc4 Bg7 11. Nb5 Qd8 12. Bf4 O-O 13. Bc7 Qd7 14. Bd6 Rd8
15. Bc7 Rf8 16. Bd6 Rd8 17. Bc7 1/2-1/2

[Event "Aut_chT1112"]
[Site "Jenbach"]
[Date "2012.04.22"]
[Round "11"]
[Board "4"]
[White "Bischoff, Klaus"]
[Black "Tratar, Marko"]
[Result "1/2-1/2"]
[WhiteElo "2521"]
[BlackElo "2499"]
[PlyCount "97"]
[EventDate "2012.01.20"]
[EventType "team"]
[EventRounds "11"]
[EventCountry "AUT"]
[WhiteTeam "SK Sparkasse Jenbach"]
[BlackTeam "SK MPOE Maria Saal"]

1. d4 e6 2. c4 Bb4+ 3. Bd2 Bxd2+ 4. Qxd2 Nf6 5. Nc3 d5 6. e3 O-O 7. cxd5 exd5
8. Bd3 Qe7 9. Nge2 Rd8 10. O-O Nbd7 11. Rae1 Nf8 12. f3 c5 13. dxc5 Qxc5 14.
Rc1 Qb6 15. Nd4 Bd7 16. Nce2 Rac8 17. a3 Rxc1 18. Rxc1 Rc8 19. Re1 Ne6 20. Bb1
g6 21. Ba2 Kg7 22. Qb4 Qxb4 23. axb4 Nxd4 24. Nxd4 a6 25. Bb3 Kf8 26. Kf2 Ke7
27. Rd1 Be6 28. Ra1 Nd7 29. Ke2 Kd6 30. Kd2 Ne5 31. b5 axb5 32. Nxb5+ Kc5 33.
Nd4 Nc6 34. Ne2 Rd8 35. Kc3 Rc8 36. Bc2 Kb6 37. Kd2 Rd8 38. Ra4 Kc5 39. Nd4
Nxd4 40. exd4+ Kc6 41. Bd3 Re8 42. Ra1 h6 43. Kc3 Kd6 44. Kd2 Bd7 45. Ra7 Kc7
46. Ra5 Kd6 47. Ra7 Kc7 48. Ra5 Kd6 49. Ra7 1/2-1/2

[Event "Aut_chT1112"]
[Site "Jenbach"]
[Date "2012.04.22"]
[Round "11"]
[Board "5"]
[White "Kreisl, Robert"]
[Black "Boensch, Uwe"]
[Result "1-0"]
[WhiteElo "2400"]
[BlackElo "2530"]
[PlyCount "125"]
[EventDate "2012.01.20"]
[EventType "team"]
[EventRounds "11"]
[EventCountry "AUT"]
[WhiteTeam "SK MPOE Maria Saal"]
[BlackTeam "SK Sparkasse Jenbach"]

1. Nf3 Nf6 2. c4 e6 3. g3 d5 4. Bg2 Be7 5. O-O O-O 6. d4 dxc4 7. Qc2 a6 8. a4
Bd7 9. Qxc4 Bc6 10. Bf4 a5 11. Nc3 Na6 12. Rac1 Bxf3 13. Bxf3 c6 14. e4 Nb4 15.
Rfd1 Rc8 16. Qb3 Nd7 17. Na2 Nxa2 18. Qxa2 Bg5 19. Bxg5 Qxg5 20. Qb3 Rb8 21. d5
exd5 22. exd5 Ne5 23. Bg2 Ng4 24. Qc3 Qh5 25. h3 Nf6 26. dxc6 bxc6 27. Qxc6
Rxb2 28. Qc5 Qe2 29. Re1 Qa6 30. Bf1 Qa8 31. Bg2 Qd8 32. Rcd1 Rd2 33. Bf3 Rd7
34. Rxd7 Nxd7 35. Qb5 Nf6 36. Re5 Qd4 37. Qxa5 Rc8 38. Re1 Qd7 39. Rd1 Qe7 40.
Qa6 Re8 41. Qd6 Qa7 42. Bc6 Rf8 43. Qd4 Qa6 44. Bf3 h5 45. Kg2 Qa5 46. Rb1 Rc8
47. Rb5 Qe1 48. Re5 Qb1 49. Rg5 Kh8 50. Rc5 Re8 51. Re5 Rc8 52. Rb5 Qe1 53. Qe5
Qxe5 54. Rxe5 g6 55. a5 Rc4 56. Re7 Ra4 57. Rxf7 Nh7 58. Ra7 Ng5 59. Bd5 h4 60.
a6 hxg3 61. Kxg3 Ra5 62. Ra8+ Kg7 63. a7 1-0

[Event "Aut_chT1112"]
[Site "Jenbach"]
[Date "2012.04.22"]
[Round "11"]
[Board "6"]
[White "Lehner, Oliver"]
[Black "Schachinger, Mario"]
[Result "1/2-1/2"]
[WhiteElo "2453"]
[BlackElo "2391"]
[PlyCount "140"]
[EventDate "2012.01.20"]
[EventType "team"]
[EventRounds "11"]
[EventCountry "AUT"]
[WhiteTeam "SK Sparkasse Jenbach"]
[BlackTeam "SK MPOE Maria Saal"]

1. d4 d5 2. c4 c6 3. Nf3 Nf6 4. Nc3 dxc4 5. a4 Bf5 6. e3 e6 7. Bxc4 Bb4 8. O-O
Nbd7 9. Nh4 Bg6 10. g3 O-O 11. Nxg6 hxg6 12. Qc2 c5 13. Na2 Rc8 14. Qe2 Nb6 15.
Nxb4 cxb4 16. Bb3 Qd6 17. a5 Nbd7 18. Qb5 a6 19. Qxb7 Nd5 20. e4 Rc7 21. e5
Qxe5 22. Qxa6 Qxd4 23. Bxd5 Qxd5 24. Bf4 Nc5 25. Qd6 Rd7 26. Qxd5 exd5 27. Rfd1
Ra8 28. Bd2 Rb7 29. Be3 Nb3 30. a6 Rd7 31. Ra4 d4 32. Rxb4 Rxa6 33. Rxb3 dxe3
34. Rxd7 e2 35. Re3 Ra1+ 36. Kg2 e1=Q 37. Rxe1 Rxe1 38. Rd8+ Kh7 39. b4 Rb1 40.
Rd4 g5 41. Kf3 f5 42. h3 Rb3+ 43. Ke2 Kg6 44. Kd2 Rb2+ 45. Kc3 Rxf2 46. b5 Rh2
47. b6 Rxh3 48. Rd6+ Kf7 49. Rd8 Rxg3+ 50. Rd3 Rg1 51. Kc4 Re1 52. b7 Re8 53.
Rb3 Rb8 54. Kd5 Kg6 55. Ke5 Re8+ 56. Kd5 Rb8 57. Ke5 g4 58. Kf4 Kh5 59. Rb1 g5+
60. Kxf5 Rf8+ 61. Ke4 g3 62. b8=Q Rxb8 63. Rxb8 g2 64. Kf5 Kh4 65. Rb4+ Kh3 66.
Rg4 Kh2 67. Rxg5 g1=Q 68. Rh5+ Kg2 69. Rg5+ Kf2 70. Rxg1 Kxg1 1/2-1/2

[Event "Aut_chT1112"]
[Site "Jenbach"]
[Date "2012.04.22"]
[Round "11"]
[Board "1"]
[White "Tuncer, Ufuk"]
[Black "Lenic, Luka"]
[Result "1/2-1/2"]
[WhiteElo "2287"]
[BlackElo "2637"]
[PlyCount "91"]
[EventDate "2012.01.20"]
[EventType "team"]
[EventRounds "11"]
[EventCountry "AUT"]
[WhiteTeam "ASVOE Poechlarn/Mauerbach"]
[BlackTeam "SV Raika Rapid Feffernitz"]

1. e4 e5 2. Nf3 Nc6 3. Bc4 Nf6 4. Ng5 d5 5. exd5 Na5 6. Bb5+ c6 7. dxc6 bxc6 8.
Be2 h6 9. Nf3 e4 10. Ne5 Bc5 11. c3 Bd6 12. d4 exd3 13. Nxd3 Qc7 14. Nd2 O-O
15. b4 Nb7 16. Nc4 Ne4 17. Qc2 Bf5 18. Nxd6 Nbxd6 19. Bf4 Qe7 20. O-O Nb5 21.
Rfe1 Nexc3 22. Bf1 Bxd3 23. Bxd3 Qxb4 24. Bd2 Qa4 25. Qc1 Rfd8 26. Bf1 Ne4 27.
Be3 Nbd6 28. Bd3 Re8 29. Bc2 Qc4 30. Bb3 Qxc1 31. Raxc1 Nf6 32. Rxc6 Rad8 33.
Rd1 Nb5 34. Rcc1 Rxd1+ 35. Rxd1 Rc8 36. h3 a5 37. Kf1 Kf8 38. a4 Rc3 39. Bxf7
Kxf7 40. axb5 Rb3 41. b6 a4 42. Ra1 Nd5 43. Bd4 Nxb6 44. Bxb6 Rxb6 45. Rxa4 h5
46. Rf4+ 1/2-1/2

[Event "Aut_chT1112"]
[Site "Jenbach"]
[Date "2012.04.22"]
[Round "11"]
[Board "3"]
[White "Kostic, Vladimir"]
[Black "Okhotnik, Vladimir"]
[Result "1-0"]
[WhiteElo "2424"]
[BlackElo "2489"]
[PlyCount "81"]
[EventDate "2012.01.20"]
[EventType "team"]
[EventRounds "11"]
[EventCountry "AUT"]
[WhiteTeam "ASVOE Poechlarn/Mauerbach"]
[BlackTeam "SV Raika Rapid Feffernitz"]

1. e4 c6 2. c4 d5 3. exd5 cxd5 4. cxd5 Nf6 5. Nf3 g6 6. Bb5+ Bd7 7. Bc4 Bg7 8.
Qb3 b6 9. Nc3 O-O 10. O-O Ne8 11. Re1 Nd6 12. Bf1 Bc8 13. d4 Bb7 14. Bf4 f6 15.
Nb5 Rf7 16. Nxd6 exd6 17. Bb5 Nd7 18. Re6 g5 19. Bc6 gxf4 20. Bxb7 Rb8 21. Bc6
Nf8 22. Re2 f5 23. Rae1 Qf6 24. Qa3 Rc7 25. Kf1 Rd8 26. Qd3 Bh6 27. Re8 Rxe8
28. Rxe8 Kf7 29. Qe2 Re7 30. Rxe7+ Qxe7 31. Qxe7+ Kxe7 32. Ke2 Ng6 33. Kd3 Kd8
34. Kc4 Ne7 35. a4 a5 36. b3 Ng8 37. Kb5 Kc7 38. Ng1 Ne7 39. Kc4 Kd8 40. Bb5
Ng8 41. Ne2 1-0

[Event "Aut_chT1112"]
[Site "Jenbach"]
[Date "2012.04.22"]
[Round "11"]
[Board "4"]
[White "Gostisa, Leon"]
[Black "Weinzettl, Ernst"]
[Result "1-0"]
[WhiteElo "2420"]
[BlackElo "2301"]
[PlyCount "83"]
[EventDate "2012.01.20"]
[EventType "team"]
[EventRounds "11"]
[EventCountry "AUT"]
[WhiteTeam "SV Raika Rapid Feffernitz"]
[BlackTeam "ASVOE Poechlarn/Mauerbach"]

1. d4 e6 2. Nf3 c5 3. g3 Nc6 4. Bg2 Qa5+ 5. c3 cxd4 6. Nxd4 Nxd4 7. Qxd4 Ne7 8.
Bf4 f6 9. Qd3 e5 10. Bd2 Qb6 11. b4 d5 12. Na3 Bf5 13. Qb5+ Bd7 14. Qxb6 axb6
15. Nc2 Bc6 16. O-O g6 17. Be3 b5 18. Rfd1 Kf7 19. Bc5 Ke6 20. Ne3 Bh6 21. Bxe7
Bxe3 22. fxe3 Kxe7 23. Bxd5 Rhd8 24. Bb3 Be4 25. Kf2 f5 26. Rac1 Kf6 27. h4 Bc6
28. Rxd8 Rxd8 29. Rd1 Rc8 30. Rd6+ Kg7 31. Re6 e4 32. Re7+ Kh8 33. Ke1 Rd8 34.
Be6 Rd6 35. Bc8 Bd5 36. Rd7 Rxd7 37. Bxd7 Bc4 38. a3 Kg7 39. Bc8 b6 40. Ba6 Kf6
41. a4 Ke5 42. Bxb5 1-0

[Event "Aut_chT1112"]
[Site "Jenbach"]
[Date "2012.04.22"]
[Round "11"]
[Board "5"]
[White "Penz, Harald"]
[Black "Diermair, Andreas"]
[Result "0-1"]
[WhiteElo "2349"]
[BlackElo "2416"]
[PlyCount "65"]
[EventDate "2012.01.20"]
[EventType "team"]
[EventRounds "11"]
[EventCountry "AUT"]
[WhiteTeam "ASVOE Poechlarn/Mauerbach"]
[BlackTeam "SV Raika Rapid Feffernitz"]

1. e4 c6 2. d4 d5 3. e5 Bf5 4. Nf3 e6 5. c4 Nd7 6. Nc3 Ne7 7. Nh4 dxc4 8. Bxc4
Nb6 9. Bb3 Bg6 10. O-O Ned5 11. g3 Be7 12. Nxg6 hxg6 13. Ne4 Qc7 14. Qf3 Rh5
15. Bd2 f5 16. exf6 gxf6 17. Rfe1 Nd7 18. Nc3 Nf8 19. Nxd5 cxd5 20. Rac1 Qb6
21. Qe3 Rd8 22. Kg2 Rh7 23. Re2 Kf7 24. Bc3 Kg8 25. Qd2 Qb5 26. Rce1 Qd7 27. h4
Kh8 28. Rh1 Bd6 29. Bc2 Qg7 30. Ree1 Qh6 31. Qe2 Qh5 32. g4 Qh6 33. Qf3 0-1

[Event "Aut_chT1112"]
[Site "Jenbach"]
[Date "2012.04.22"]
[Round "11"]
[Board "6"]
[White "Schreiner, Peter"]
[Black "Loidl, Florian"]
[Result "1-0"]
[WhiteElo "2377"]
[BlackElo "2195"]
[PlyCount "59"]
[EventDate "2012.01.20"]
[EventType "team"]
[EventRounds "11"]
[EventCountry "AUT"]
[WhiteTeam "SV Raika Rapid Feffernitz"]
[BlackTeam "ASVOE Poechlarn/Mauerbach"]

1. Nf3 Nf6 2. c4 c6 3. Nc3 d5 4. e3 Bg4 5. Qb3 Bxf3 6. gxf3 e6 7. Qxb7 Bd6 8.
Qxa8 Qc7 9. c5 Bxc5 10. Ba6 O-O 11. Qb7 Qd6 12. Be2 Bb6 13. Na4 d4 14. Nxb6
axb6 15. Qxb6 d3 16. Bf1 e5 17. Qb3 Rd8 18. Qxd3 Qxd3 19. Bxd3 Rxd3 20. Ke2 Rd7
21. d3 Na6 22. Bd2 Nd5 23. Rhc1 Rd6 24. b4 Kf8 25. Rab1 Rh6 26. e4 Nf4+ 27.
Bxf4 exf4 28. a4 Nc7 29. b5 Ne6 30. b6 1-0